000 00836cam a2200229 a 4500
001 000006952
005 20200929154029.0
008 970313s1996 pr a b 001 0dspa d
040 _aDO-SdBNP
_cPrRU
_dBNPHU
082 _a320.97295
_bM971s
100 1 _aGarcía-Passalacqua, Juan Manuel
_d1937-
_919308
245 1 4 _aLos secretos del patriarca :
_bguerra civil en la conciencia de Luis Muñoz Marín /
_cJuan Manuel García Passalacqua.
260 _aSan Juan, Puerto Rico :
_bCultural,
_c1996.
300 _a174 p. :
_bil. ;
_c21 cm.
490 1 _aAmbos mundos
504 _aBibliografía (p. 167-174)
651 4 _aPuerto Rico
_xPolíticos
_919309
600 1 4 _aMUÑOZ MARÍN, LUIS
_d1898-1980.
_912435
651 4 _aPuerto Rico
_xPolítica Y Gobierno
_912599
830 0 _aAmbos mundos.
_919310
910 _aCatalogación por copia / LC
999 _c6736
_d6736